Selected Problems of Fractional Systems Theory

This monograph covers some selected problems of positive fractional 1D and 2D linear systems. It is an extended and modified English version of its preceding Polish edition published by Technical University of Bialystok in 2009. This book is based on the lectures delivered by the author to the Ph.D....

Πλήρης περιγραφή

Λεπτομέρειες βιβλιογραφικής εγγραφής
Κύριος συγγραφέας: Kaczorek, Tadeusz (Συγγραφέας)
Συγγραφή απο Οργανισμό/Αρχή: SpringerLink (Online service)
Μορφή: Ηλεκτρονική πηγή Ηλ. βιβλίο
Γλώσσα:English
Έκδοση: Berlin, Heidelberg : Springer Berlin Heidelberg, 2011.
Σειρά:Lecture Notes in Control and Information Sciences, 411
Θέματα:
Διαθέσιμο Online:Full Text via HEAL-Link
LEADER 02857nam a22004575i 4500
001 978-3-642-20502-6
003 DE-He213
005 20151125222240.0
007 cr nn 008mamaa
008 110802s2011 gw | s |||| 0|eng d
020 |a 9783642205026  |9 978-3-642-20502-6 
024 7 |a 10.1007/978-3-642-20502-6  |2 doi 
040 |d GrThAP 
050 4 |a TJ212-225 
072 7 |a TJFM  |2 bicssc 
072 7 |a TEC004000  |2 bisacsh 
082 0 4 |a 629.8  |2 23 
100 1 |a Kaczorek, Tadeusz.  |e author. 
245 1 0 |a Selected Problems of Fractional Systems Theory  |h [electronic resource] /  |c by Tadeusz Kaczorek. 
264 1 |a Berlin, Heidelberg :  |b Springer Berlin Heidelberg,  |c 2011. 
300 |a XVIII, 346 p. 28 illus.  |b online resource. 
336 |a text  |b txt  |2 rdacontent 
337 |a computer  |b c  |2 rdamedia 
338 |a online resource  |b cr  |2 rdacarrier 
347 |a text file  |b PDF  |2 rda 
490 1 |a Lecture Notes in Control and Information Sciences,  |x 0170-8643 ;  |v 411 
505 0 |a Fractional discrete-time linear systems -- Fractional continuous-time linear systems -- Fractional positive 2D linear systems -- Pointwise completeness and pointwise degeneracy of linear systems -- Pointwise completeness and pointwise degeneracy of linear systems with state-feedbacks -- Realization Problem for positive fractional and continuous-discrete 2D linear systems -- Cone discrete-time and continuous-time linear systems -- Stability of positive fractional 1D and 2D linear systems -- Stability analysis of fractional linear systems in frequency domain -- Stabilization of positive and fractional linear systems -- Singular fractional linear systems -- Positive continuous-discrete linear systems -- Laplace transforms of continuous-time functions and z-transforms of discrete-time functions. <. 
520 |a This monograph covers some selected problems of positive fractional 1D and 2D linear systems. It is an extended and modified English version of its preceding Polish edition published by Technical University of Bialystok in 2009. This book is based on the lectures delivered by the author to the Ph.D. students of the Faculty of Electrical Engineering of Bialystok University of Technology and of Warsaw University of Technology and on invited lectures in several foreign universities in the last three years. 
650 0 |a Engineering. 
650 0 |a System theory. 
650 0 |a Control engineering. 
650 1 4 |a Engineering. 
650 2 4 |a Control. 
650 2 4 |a Systems Theory, Control. 
710 2 |a SpringerLink (Online service) 
773 0 |t Springer eBooks 
776 0 8 |i Printed edition:  |z 9783642205019 
830 0 |a Lecture Notes in Control and Information Sciences,  |x 0170-8643 ;  |v 411 
856 4 0 |u http://dx.doi.org/10.1007/978-3-642-20502-6  |z Full Text via HEAL-Link 
912 |a ZDB-2-ENG 
950 |a Engineering (Springer-11647)